000 00617nam a2200229Ia 4500
008 220216s9999 xx 000 0 und d
100 _aCastro P R C
245 0 _aLight distribution in rubber (Hevea) tree canopy
260 _bAnais da Escola Superior de Agricultura Luiz de Queiroz
_c1990
300 _ap301-15
500 _aSource Year: 1991
650 _aBrazil
650 _aHevea brasiliensis
650 _aPlant canopy
650 _aSolar radiation
650 _aVegetative growth
700 _aAngelocci L R
700 _aBarbosa L M
700 _aNastri V D F
856 _uATA
942 _cJS
999 _c62176
_d62176